000 00708cam a2200229 i 4500
001 57344
005 20230410105142.0
008 770525s1976 nyua b 100 0 eng
035 _9(DLC) 77150600
035 _a3669176
010 _a77150600
040 _aDLC
_cDLC
_dDLC
050 1 4 _aD 3
_bI61p 1976
082 0 0 _a900
111 2 _aInternational Congress of Historical Sciences
_n(14th :
_d1975 :
_cSan Francisco, Calif.)
245 1 0 _aProceedings, XIV International Congress of the Historical Sciences.
260 _aNew York :
_bArno Press,
_c1976.
300 _a231 p. :
_bill. ;
_c24 cm.
504 _aIncludes bibliographical references.
650 0 _aHistory
_xCongresses.
942 _2lcc
_cbk
999 _c31119
_d31119